<?xml version="1.0" encoding="UTF-8"?>
<record
    xmlns:xsi="http://www.w3.org/2001/XMLSchema-instance"
    xsi:schemaLocation="http://www.loc.gov/MARC21/slim http://www.loc.gov/standards/marcxml/schema/MARC21slim.xsd"
    xmlns="http://www.loc.gov/MARC21/slim">

  <leader>00395    a2200145   4500</leader>
  <datafield tag="952" ind1=" " ind2=" ">
    <subfield code="0">0</subfield>
    <subfield code="1">0</subfield>
    <subfield code="4">0</subfield>
    <subfield code="7">0</subfield>
    <subfield code="8">FIC</subfield>
    <subfield code="a">CCL</subfield>
    <subfield code="b">CCL</subfield>
    <subfield code="d">2021-03-25</subfield>
    <subfield code="l">0</subfield>
    <subfield code="o">PL8842 SIB 1981</subfield>
    <subfield code="p">G22032</subfield>
    <subfield code="r">2021-03-25 00:00:00</subfield>
    <subfield code="t">c-1</subfield>
    <subfield code="w">2021-03-25</subfield>
    <subfield code="y">BK</subfield>
  </datafield>
  <datafield tag="952" ind1=" " ind2=" ">
    <subfield code="0">0</subfield>
    <subfield code="1">0</subfield>
    <subfield code="4">0</subfield>
    <subfield code="7">0</subfield>
    <subfield code="8">FIC</subfield>
    <subfield code="a">CCL</subfield>
    <subfield code="b">CCL</subfield>
    <subfield code="d">2021-03-25</subfield>
    <subfield code="l">0</subfield>
    <subfield code="o">PL8842 SIB 1981</subfield>
    <subfield code="p">008458</subfield>
    <subfield code="r">2021-03-25 00:00:00</subfield>
    <subfield code="t">c-2</subfield>
    <subfield code="w">2021-03-25</subfield>
    <subfield code="y">BK</subfield>
  </datafield>
  <datafield tag="952" ind1=" " ind2=" ">
    <subfield code="0">0</subfield>
    <subfield code="1">0</subfield>
    <subfield code="4">0</subfield>
    <subfield code="7">0</subfield>
    <subfield code="8">FIC</subfield>
    <subfield code="a">CCL</subfield>
    <subfield code="b">CCL</subfield>
    <subfield code="c">GEN</subfield>
    <subfield code="d">2021-04-12</subfield>
    <subfield code="l">1</subfield>
    <subfield code="o">PL8842 SIB 1981</subfield>
    <subfield code="p">G19593</subfield>
    <subfield code="r">2022-11-03 00:00:00</subfield>
    <subfield code="s">2022-10-20</subfield>
    <subfield code="t">c.3</subfield>
    <subfield code="w">2021-04-12</subfield>
    <subfield code="y">BK</subfield>
  </datafield>
  <datafield tag="952" ind1=" " ind2=" ">
    <subfield code="0">0</subfield>
    <subfield code="1">0</subfield>
    <subfield code="4">0</subfield>
    <subfield code="7">0</subfield>
    <subfield code="8">FIC</subfield>
    <subfield code="a">CCL</subfield>
    <subfield code="b">CCL</subfield>
    <subfield code="c">GEN</subfield>
    <subfield code="d">2021-04-29</subfield>
    <subfield code="l">0</subfield>
    <subfield code="o">PL8842 SIB 1981</subfield>
    <subfield code="p">G21601</subfield>
    <subfield code="r">2021-04-29 00:00:00</subfield>
    <subfield code="t">c.4</subfield>
    <subfield code="w">2021-04-29</subfield>
    <subfield code="y">BK</subfield>
  </datafield>
  <datafield tag="952" ind1=" " ind2=" ">
    <subfield code="0">0</subfield>
    <subfield code="1">0</subfield>
    <subfield code="2">lcc</subfield>
    <subfield code="4">0</subfield>
    <subfield code="7">0</subfield>
    <subfield code="8">FIC</subfield>
    <subfield code="a">CCL</subfield>
    <subfield code="b">CCL</subfield>
    <subfield code="c">GEN</subfield>
    <subfield code="d">2021-05-20</subfield>
    <subfield code="l">0</subfield>
    <subfield code="o">PL88425 SIB 1981</subfield>
    <subfield code="p">02978</subfield>
    <subfield code="r">2021-05-20 00:00:00</subfield>
    <subfield code="t">c. 5</subfield>
    <subfield code="w">2021-05-20</subfield>
    <subfield code="y">BK</subfield>
  </datafield>
  <datafield tag="952" ind1=" " ind2=" ">
    <subfield code="0">0</subfield>
    <subfield code="1">0</subfield>
    <subfield code="2">lcc</subfield>
    <subfield code="4">0</subfield>
    <subfield code="7">0</subfield>
    <subfield code="8">FIC</subfield>
    <subfield code="a">MCL</subfield>
    <subfield code="b">MCL</subfield>
    <subfield code="c">GEN</subfield>
    <subfield code="d">2021-05-20</subfield>
    <subfield code="i">13423</subfield>
    <subfield code="l">0</subfield>
    <subfield code="o">PL8842 SIB 1981</subfield>
    <subfield code="p">008457</subfield>
    <subfield code="r">2021-05-20 00:00:00</subfield>
    <subfield code="t">c. 6</subfield>
    <subfield code="w">2021-05-20</subfield>
    <subfield code="y">BK</subfield>
  </datafield>
  <datafield tag="952" ind1=" " ind2=" ">
    <subfield code="0">0</subfield>
    <subfield code="1">0</subfield>
    <subfield code="4">0</subfield>
    <subfield code="7">0</subfield>
    <subfield code="8">FIC</subfield>
    <subfield code="a">MCL</subfield>
    <subfield code="b">MCL</subfield>
    <subfield code="c">GEN</subfield>
    <subfield code="d">2021-05-21</subfield>
    <subfield code="l">0</subfield>
    <subfield code="o">PL8842 SIB 1981</subfield>
    <subfield code="p">G22480</subfield>
    <subfield code="r">2021-05-21 00:00:00</subfield>
    <subfield code="t">c.7</subfield>
    <subfield code="w">2021-05-21</subfield>
    <subfield code="y">BK</subfield>
  </datafield>
  <datafield tag="999" ind1=" " ind2=" ">
    <subfield code="c">4912</subfield>
    <subfield code="d">4912</subfield>
  </datafield>
  <datafield tag="020" ind1=" " ind2=" ">
    <subfield code="a">0869221663</subfield>
  </datafield>
  <datafield tag="050" ind1="0" ind2="0">
    <subfield code="a">PL8842 SIB 1981</subfield>
  </datafield>
  <datafield tag="100" ind1="1" ind2=" ">
    <subfield code="a">Sibanda, Mayford M.,</subfield>
    <subfield code="d">1955-1978.</subfield>
  </datafield>
  <datafield tag="245" ind1="1" ind2="0">
    <subfield code="a">UMbiko kaMadlenya /</subfield>
    <subfield code="c">lutotshwe nguMayford M. Sibanda.</subfield>
  </datafield>
  <datafield tag="264" ind1=" " ind2=" ">
    <subfield code="a">Gweru</subfield>
    <subfield code="b">Mambo Press</subfield>
    <subfield code="c">1981</subfield>
  </datafield>
  <datafield tag="300" ind1=" " ind2=" ">
    <subfield code="a">156 p. ;</subfield>
  </datafield>
  <datafield tag="500" ind1=" " ind2=" ">
    <subfield code="a">In Ndebele.</subfield>
  </datafield>
  <datafield tag="650" ind1=" " ind2=" ">
    <subfield code="a">Ndebel fiction</subfield>
  </datafield>
  <datafield tag="942" ind1=" " ind2=" ">
    <subfield code="2">lcc</subfield>
    <subfield code="c">BK</subfield>
    <subfield code="h">8842</subfield>
    <subfield code="i">SIB</subfield>
    <subfield code="k">PL</subfield>
  </datafield>
</record>
